Ekonomika a řízení chemického průmyslu
Gespeichert in:
| 1. Verfasser: | |
|---|---|
| Körperschaft: | |
| Format: | Buch |
| Sprache: | Tschechisch |
| Veröffentlicht: |
Praha
Státni pedagogické nakladatelství
1984
|
| Ausgabe: | 2. přeprac. vyd. |
| Tags: |
Keine Tags, Fügen Sie das erste Tag hinzu!
|
MARC
| LEADER | 00000nam a2200000 4500 | ||
|---|---|---|---|
| 001 | c108771 | ||
| 005 | 20190204093736.6 | ||
| 041 | 0 | |a cze | |
| 044 | |a CZ | ||
| 245 | 1 | 0 | |a Ekonomika a řízení chemického průmyslu |c Dušan Dvořák a kol. |
| 250 | |a 2. přeprac. vyd. | ||
| 264 | 1 | |a Praha |b Státni pedagogické nakladatelství |c 1984 | |
| 300 | |a 230 s. | ||
| 100 | 1 | |a Dvořák, Dušan | |
| 710 | 2 | |a Vysoká škola ekonomická v Praze. Výrobně ekonomická fakulta | |